000 00681cam a22002293a 4500
001 18121
003 PGUSA
005 20140828083403.0
008 060405s2006||||xxu|||||s|||||000 | eng d
040 _aPGUSA
_beng
042 _adc
050 4 _aPQ
100 1 _aDesfontaines, Nicolas-Marc,
_d-1652
245 1 0 _aL'illustre Olympie, ou Le St Alexis :
_bTragedie
_h[electronic resource] /
_cNicolas-Marc Desfontaines
260 _bProject Gutenberg,
_c2006
506 _aPublic domain in the USA.
516 _aElectronic text
653 _aFrench drama -- 17th century
830 0 _aProject Gutenberg
_v18121
856 4 0 _uhttp://www.gutenberg.org/ebooks/18121
942 _cEB
999 _c247376
_d247376